000 00764nam a2200181Ia 4500
008 090123s9999 xx 000 0 und d
082 _b40024
100 _aमयेकर भालचंद्र
245 _aवनस्पतीशास्त्रातील विज्ञान प्रयोग
250 _a1
260 _bमनोविकास प्रकाशन
_c2006
300 _a71
600 _aमयेकर भालचंद्र
630 _aवनस्पतीशास्त्रातील विज्ञान प्रयोग
700 _aमयेकर भालचंद्र
730 _aवनस्पतीशास्त्रातील विज्ञान प्रयोग
942 _cBOOK
999 _c78099
_d78099